000 00335 a2200109 4500
001 ART_2739
005 20260410161710.0
008 260409a
245 1 0 _aEquilibrio monetario y ajuste internacional
100 1 _aOlivera, Julio H.G.
773 0 _tDesarrollo económico
_g- Vol. 2, Nº 2 (jul./sep. 1962)
_wREV1174
999 _c15955
_d15955